| 000 | 00545nam a2200205Ia 4500 | ||
|---|---|---|---|
| 003 | OSt | ||
| 005 | 20230413094358.0 | ||
| 008 | 210423s2005 xx 000 0 und d | ||
| 020 | _a1405134674 | ||
| 040 | _cAL | ||
| 041 | _aeng | ||
| 082 |
_a823.809 _223 _bOGOF |
||
| 100 |
_aOGORMAN (Francis). _987520 |
||
| 245 | _aConcise companion to the Victorian novel. | ||
| 260 |
_aOxford _bBlackwell Publications _c2005 |
||
| 300 |
_axxiii,277 _bPB |
||
| 365 |
_b550 _cINR |
||
| 906 | _acompanion ; Concise ; novel. ; Victorian | ||
| 942 |
_2ddc _cBK |
||
| 999 |
_c157338 _d157338 |
||